Objetivos fundamentales y contenidos mínimos obligatorios de la educación media

Guardat en:
Dades bibliogràfiques
Format: Llibre
Idioma:espanyol
Publicat: Santiago Ministerio de Educación 1997
Matèries:
Etiquetes: Afegir etiqueta
Sense etiquetes, Sigues el primer a etiquetar aquest registre!

MARC

LEADER 00000nam a2200000 a 4500
001 UCS4827
003 CL-VaPUC
008 970814e19970000CL |||||||||||||||||spa|d
082 0 4 |a 370.11  |b OBJ  |2 21 
245 1 0 |a Objetivos fundamentales y contenidos mínimos obligatorios de la educación media 
300 |a 383 p 
942 |c BK 
945 |d 19970814 00:00:00  |a rleighto 
260 |a Santiago  |b Ministerio de Educación  |c 1997 
650 0 |a Objetivos educativos  |9 306344 
650 0 |a Currículo  |9 307290 
583 |a last modification  |c 20140528 01:58:09  |k Rodrigo Vera 
999 |c 261618  |d 261616 
952 |0 0  |1 0  |4 0  |6 370_110000000000000_OBJ_1997  |7 0  |8 A  |9 289284  |a BIBEDU  |b BIBEDU  |d 2019-11-19  |i 3339823  |o 370.11 OBJ 1997  |p 3339823  |r 2019-11-19  |w 2019-11-19  |y BK  |k EDU 
952 |0 0  |1 0  |4 0  |6 370_110000000000000_OBJ_1997  |7 0  |8 A  |9 289285  |a BIBEDU  |b BIBEDU  |d 2019-11-19  |i 3339831  |o 370.11 OBJ 1997  |p 3339831  |r 2019-11-19  |w 2019-11-19  |y BK  |k EDU 
952 |0 0  |1 0  |4 0  |6 370_110000000000000_OBJ_1997  |7 0  |8 A  |9 289286  |a BIBEDU  |b BIBEDU  |d 2019-11-19  |i 4026152  |o 370.11 OBJ 1997  |p 4026152  |r 2019-11-19  |w 2019-11-19  |y BK  |k EDU 
952 |0 0  |1 0  |4 0  |6 370_110000000000000_OBJ_1997  |7 0  |8 A  |9 289287  |a BIBEDU  |b BIBEDU  |d 2019-11-19  |i 3499510  |o 370.11 OBJ 1997  |p 3499510  |r 2019-11-19  |w 2019-11-19  |y BK  |k BME 
952 |0 0  |1 0  |4 0  |6 370_110000000000000_OBJ_1997  |7 0  |8 A  |9 289288  |a BIBHIS  |b BIBHIS  |d 2019-11-19  |i 1259636  |o 370.11 OBJ 1997  |p 1259636  |r 2025-01-20  |w 2019-11-19  |y BK  |k HIS